Statistiche per Sai nominare i Capoluogo regione?

Clicka qui per fare il quiz!

Statistiche generali

  • Questo quiz è stato fatto 60 volte
  • Il punteggio medio è 19 su 20

Statistiche sulle risposte

HintRisposta% Corretto
Emilia RomagnaBologna
100%
ToscanaFirenze
100%
LombardiaMilano
100%
CampaniaNapoli
100%
LazioRoma
100%
Trentino Alto AdigeTrento
100%
VenetoVenezia
100%
Valle D'AostaAosta
98%
PugliaBari
98%
LiguriaGenova
98%
SiciliaPalermo
98%
PiemonteTorino
98%
UmbriaPerugia
96%
SardegnaCagliari
94%
Friuli Venezia GiuliaTrieste
94%
MoliseCampobasso
90%
CalabriaCatanzaro
90%
MarcheAncona
88%
BasilicataPotenza
82%
AbbruzzoPescara
68%

Distribuzione punteggi

Percentile per numero di risposta

Percentuale di utenti per punteggio

I tuoi punteggi nel tempo

Non hai fatto questo quiz